Stitch a samuraj /

Uloženo v:
Hlavní autor: Wada, Hiroto, 1974-2021 (Autor, Ilustrátor)
Další autoři: Vozábal, Matěj (Autor)
Médium: Kniha
Jazyk:Czech
Vydáno: V Praze : Crew, 2026-
Vydání:První vydání
Celkem bylo vypůjčeno:0x
Tagy:
Žádné tagy
LEADER 01350nam a2200385 ia4500
001 106462
003 CZ PrNK
005 20260603111535.0
007 ta
008 260526m20269999xr a 6 000 1 cze
015 |a cnb003760714 
020 |a 9788077120319  |q (1 ;  |q brožováno) 
040 |a ABG001  |b cze  |e rda 
041 1 |a cze  |h jpn 
100 1 |a Wada, Hiroto,  |d 1974-2021  |7 xx0345758  |4 aut  |4 ill 
245 1 0 |a Stitch a samuraj /  |c Hiroto Wada ; překlad z japonštiny: Matěj Vozábal 
250 |a První vydání 
264 1 |a V Praze :  |b Crew,  |c 2026- 
300 |a ^^^svazky :  |b ilustrace ;  |c 19 cm 
336 |a text  |b txt  |2 rdacontent 
336 |a statický obraz  |b sti  |2 rdacontent 
337 |a bez média  |b n  |2 rdamedia 
338 |a svazek  |b nc  |2 rdacarrier 
500 |a "Scénář a kresba: Hiroto Wada"--Tiráž 
500 |a Tištěno zprava doleva ve stylu manga 
500 |a Nad názvem uvedeno: Disney 
500 |a Název z obálky 
505 1 |a 1. 2026. 163 stran 
700 1 |a Vozábal, Matěj  |7 xx0275014  |4 trl  |9 113445 
710 2 |a Nakladatelství Crew  |7 xx0243763  |4 pbl  |9 117310 
765 1 8 |i Anglický překlad:  |t Stitch and the samurai 
910 |a UOG502 
942 |2 ddc  |c KN 
999 |d 106462 
993 |0 0  |1 421180107179  |2 ddc  |4 0  |7 0  |9 99898  |b 0  |c 107179  |d 2026-06-03  |e 0  |f M  |h 249.00  |i Koupě  |l M  |r 2026-06-03  |t 8  |w 2026-06-03  |y KN  |z KOMIKS  |n